000 00224 a2200097 4500
020 _a9780008706623
100 _aIsaac Asimov
245 _aMagic: the final fantasy collection
260 _bHarper Collins
_c2025
942 _cOO
999 _c115653
_d115652